| 000 | 00833nam a2200265Ia 4500 | ||
|---|---|---|---|
| 003 | OSt | ||
| 005 | 20220927105635.0 | ||
| 006 | a|||||r|||| 00| 0 | ||
| 007 | ta | ||
| 008 | 220926b |||||||| |||| 00| 0 eng d | ||
| 020 | _a0 19 920084 X | ||
| 024 | _a180050 | ||
| 037 | _cReference Collections | ||
| 040 |
_aRTL _cRTL _beng |
||
| 041 |
_2eng _aeng |
||
| 082 | _a"X:3.495.N78, L8" | ||
| 100 |
_aADELMAN Irma _9373864 |
||
| 245 | 0 |
_aIncome distribution policy in developing countries _b A case study of Korea. |
|
| 260 |
_aOxford _bOxford university press _c1978 |
||
| 300 |
_a"xvii,346p." _ccm. |
||
| 500 | _aAppendix : 205-336p. | ||
| 700 |
_a ROBINSON Sherman _9353490 |
||
| 942 |
_h"X:3.495.N78, L8" _cCC |
||
| 999 |
_c693572 _d693572 |
||